La crítica del arte moderno en Colombia, un proyecto formativo
Saved in:
| Main Author: | |
|---|---|
| Format: | Book |
| Language: | Spanish |
| Published: |
Medellín
La Carreta Editores E. U
2007
|
| Edition: | 1a. ed |
| Series: | Colección Ojo de Agua
|
| Subjects: | |
| Tags: |
Add Tag
No Tags, Be the first to tag this record!
|
MARC
| LEADER | 00000cam a2200000 a 4500 | ||
|---|---|---|---|
| 001 | UCC4459 | ||
| 003 | CL-VaPUC | ||
| 008 | 180803e20070000ck |||||||||||||||||spa|d | ||
| 020 | |a 9789589833902 | ||
| 082 | 0 | 4 | |a 701.1 |b GIR |2 21 |
| 100 | |a Giraldo Quintero, Efrén |e autor |9 605271 | ||
| 245 | 1 | 3 | |a La crítica del arte moderno en Colombia, un proyecto formativo |
| 250 | |a 1a. ed | ||
| 300 | |a 168 p | ||
| 942 | |c BK | ||
| 945 | |d 20180803 12:44:00 |a dcastane | ||
| 260 | |a Medellín |b La Carreta Editores E. U |c 2007 | ||
| 650 | 0 | |a Arte moderno |9 265333 | |
| 650 | 0 | |a Crítica de arte |9 334590 | |
| 583 | |a last modification |c 20180803 12:44:00 |k Rodrigo Vera | ||
| 490 | 0 | |a Colección Ojo de Agua | |
| 999 | |c 372005 |d 372003 | ||
| 952 | |0 0 |1 0 |3 erb |4 0 |6 701_100000000000000_GIR_2007 |7 0 |8 A |9 489225 |a BIBEDU |b BIBEDU |i 5486270 |o 701.1 GIR 2007 |p 5486270 |r 2019-11-24 |w 2019-11-24 |y BK |z Catalogado en:20180803 |k LIT | ||